[Event "10th European Teams w"]
[Site "Warsaw POL"]
[Date "2013.11.16"]
[Round "8.10"]
[White "Fakhiridou, Ekaterini"]
[Black "Kopinits, Anna-Christina"]
[Result "0-1"]
[WhiteTitle "WIM"]
[BlackTitle "WIM"]
[WhiteElo "2168"]
[BlackElo "2263"]
[WhiteTeam "Greece"]
[BlackTeam "Austria"]
[WhiteFideId "4202848"]
[BlackFideId "1614142"]
[EventDate "2013.11.08"]

1. e4 c6 2. d4 d5 3. Nc3 dxe4 4. Nxe4 Bf5 5. Ng3 Bg6 6. h4 h6 7. N1e2 Nf6 8. Nf4
Bh7 9. c3 Nbd7 10. Bd3 Bxd3 11. Qxd3 e6 12. h5 Bd6 13. Bd2 Qc7 14. Nfe2 O-O-O
15. O-O-O c5 16. Kb1 a6 17. Ne4 Nxe4 18. Qxe4 Nf6 19. Qf3 Rd7 20. g4 Qc6 21.
Qxc6+ bxc6 22. f3 Kc7 23. dxc5 Bxc5 24. Bf4+ Kc8 25. Be5 Rd5 26. Bxf6 gxf6 27.
Ng3 Be7 28. c4 Rxd1+ 29. Rxd1 Kc7 30. Ne4 Rg8 31. Kc2 f5 32. Nf2 Bc5 33. Nd3 Bd4
34. gxf5 exf5 35. f4 Rg4 36. Re1 Kd7 37. Rh1 Rg2+ 38. Kb3 Rg4 39. c5 f6 40. Rh3
Rg2 41. Rh1 Be3 42. Rh3 Bd2 43. a3 Ke6 44. Kc4 Re2 45. Rh4 Re4+ 46. Kb3 Kd5 47.
Rh2 Bxf4 48. Rf2 Be5 49. Nb4+ Kxc5 50. Rxf5 Re3+ 51. Ka4 Kb6 52. Rf2 a5 53. Nc2
Re4+ 54. Kb3 Rh4 55. Rf5 Kc5 56. a4 Rh2 57. Ne1 Rxb2+ 58. Ka3 Kc4 59. Nf3 Re2
60. Nxe5+ fxe5 61. Rf6 Re3+ 62. Kb2 c5 63. Rxh6 Rh3 64. Rh8 Rh2+ 65. Kc1 e4 66.
h6 Kc3 67. Kd1 c4 68. h7 e3 69. Ke1 Kc2 70. Kf1 e2+ 71. Ke1 c3 72. Ra8 Rxh7 73.
Rxa5 Re7 74. Rb5 Kd3 75. Rd5+ Kc4 76. Rd8 Kb3 77. a5 Ra7 78. Rb8+ Kc2 79. Rb5
Kd3 80. Rd5+ Kc4 81. Rd8 Rxa5 82. Kxe2 Ra1 83. Rb8 c2 84. Rc8+ Kb3 85. Rb8+ Kc3
86. Rc8+ Kb2 87. Rb8+ Kc1 88. Rb7 Ra5 89. Re7 Rb5 90. Rc7 Kb1 91. Kd2 Rd5+ 0-1

[Event "10th European Teams w"]
[Site "Warsaw POL"]
[Date "2013.11.16"]
[Round "8.10"]
[White "Exler, Veronika"]
[Black "Tsolakidou, Stavroula"]
[Result "0-1"]
[WhiteTitle "WFM"]
[WhiteElo "2147"]
[BlackElo "2117"]
[WhiteTeam "Austria"]
[BlackTeam "Greece"]
[WhiteFideId "1620550"]
[BlackFideId "4264312"]
[EventDate "2013.11.08"]

1. d4 Nf6 2. c4 e6 3. Nf3 c5 4. Nc3 cxd4 5. Nxd4 d5 6. cxd5 Nxd5 7. Bd2 Bc5 8.
Nb3 Bb6 9. e4 Nb4 10. a3 Nd3+ 11. Bxd3 Qxd3 12. Qe2 Qxe2+ 13. Kxe2 Nc6 14. Rhd1
Ne5 15. Nb5 Nc4 16. Bc3 Bd7 17. a4 a6 18. Nd6+ Nxd6 19. Rxd6 Bc7 20. Rd2 Bc6 21.
Ke3 f5 22. f3 fxe4 23. fxe4 O-O 24. g3 Bd8 25. Be5 Bg5+ 26. Bf4 Bf6 27. Bd6 Rfd8
28. h4 Bxb2 29. Rad1 Bf6 30. e5 Bxa4 31. Rb1 Rac8 32. Nc5 Bxe5 33. Nxb7 Bxd6 34.
Nxd8 Rxd8 35. Ke2 Bb5+ 36. Kd1 Be7 37. Rxd8+ Bxd8 38. Kd2 Bc7 39. Rb3 Kf7 40.
Rf3+ Ke7 41. Kc3 a5 42. Kd4 Bd6 43. Rb3 Bb4 44. g4 Kd6 45. g5 e5+ 46. Ke4 Ke6
47. Rb1 Bc6+ 48. Kd3 Kd5 49. h5 e4+ 50. Ke3 Bc5+ 51. Ke2 a4 52. h6 gxh6 53. gxh6
a3 0-1

[Event "10th European Teams w"]
[Site "Warsaw POL"]
[Date "2013.11.16"]
[Round "8.11"]
[White "Chevannes, Sabrina L"]
[Black "Mammadova, Gulnar"]
[Result "0-1"]
[WhiteTitle "WFM"]
[BlackTitle "WGM"]
[WhiteElo "2200"]
[BlackElo "2354"]
[WhiteTeam "England"]
[BlackTeam "Azerbaijan"]
[WhiteFideId "411280"]
[BlackFideId "13403508"]
[EventDate "2013.11.08"]

1. d4 e6 2. Nf3 d5 3. c4 c6 4. e3 f5 5. b3 Nf6 6. Bd3 Qa5+ 7. Bd2 Qc7 8. O-O Bd6
9. c5 Be7 10. b4 Nbd7 11. h3 Ne4 12. Bxe4 fxe4 13. Nh2 O-O 14. f4 exf3 15. Rxf3
e5 16. Rxf8+ Nxf8 17. Nc3 Bf6 18. Ng4 Bxg4 19. Qxg4 exd4 20. exd4 Qd7 21. Qxd7
Bxd4+ 22. Kh1 Nxd7 23. Re1 Bf6 24. g4 h6 25. Kg2 a5 26. a3 axb4 27. axb4 Ra3 28.
Nb1 Rb3 29. Rc1 Be5 30. h4 Rg3+ 31. Kf2 Rxg4 32. b5 Bd4+ 33. Kf3 Ne5+ 34. Ke2
Rg2+ 35. Kd1 Nc4 36. bxc6 bxc6 0-1

[Event "10th European Teams w"]
[Site "Warsaw POL"]
[Date "2013.11.16"]
[Round "8.11"]
[White "Mamedjarova, Zeinab"]
[Black "Corke, Anya S"]
[Result "0-1"]
[WhiteTitle "WGM"]
[BlackTitle "WGM"]
[WhiteElo "2236"]
[BlackElo "2276"]
[WhiteTeam "Azerbaijan"]
[BlackTeam "England"]
[WhiteFideId "13401521"]
[BlackFideId "6000347"]
[EventDate "2013.11.08"]

1. d4 Nf6 2. e3 c5 3. f4 e6 4. Nf3 b6 5. Bd3 Bb7 6. O-O d6 7. c3 Nbd7 8. Nbd2
Be7 9. Qe2 g6 10. e4 Qc7 11. f5 Nh5 12. Bc4 O-O-O 13. fxe6 fxe6 14. b4 Kb8 15.
a4 Nf4 16. Qe3 g5 17. a5 Rhf8 18. axb6 Nxb6 19. bxc5 dxc5 20. Bb5 g4 21. Ne5 Bg5
22. Nxg4 h5 23. Ne5 Rg8 24. Rxf4 Qg7 25. Nef3 Bh6 26. Nh4 Rgf8 27. Qg3 Rxf4 28.
Ng6 h4 29. Nxf4 hxg3 30. Nxe6 Be3+ 31. Kh1 Qh6 32. Nf1 Qxe6 33. Bxe3 Qxe4 34.
Ra2 cxd4 35. cxd4 Qb1 36. Ra5 Rf8 37. Kg1 gxh2+ 38. Kxh2 Rxf1 39. Be2 Rf8 40.
Re5 Qg6 0-1

[Event "10th European Teams w"]
[Site "Warsaw POL"]
[Date "2013.11.16"]
[Round "8.11"]
[White "Grigoryan, Meri"]
[Black "Abdulla, Khayala"]
[Result "0-1"]
[WhiteTitle "WFM"]
[BlackTitle "WIM"]
[WhiteElo "2039"]
[BlackElo "2255"]
[WhiteTeam "England"]
[BlackTeam "Azerbaijan"]
[WhiteFideId "13300571"]
[BlackFideId "13401807"]
[EventDate "2013.11.08"]

1. Nf3 Nf6 2. g3 b5 3. Bg2 Bb7 4. b3 e6 5. Bb2 Be7 6. c4 bxc4 7. bxc4 c5 8. Na3
O-O 9. O-O Na6 10. Nb5 Nc7 11. Nxc7 Qxc7 12. d4 cxd4 13. Qxd4 Rfc8 14. Rac1 Qa5
15. a3 Qb6 16. Qc3 Rab8 17. Ba1 Qa6 18. Bb2 d5 19. Rfd1 Rxc4 20. Qe5 Bd6 21.
Qxd6 Qxd6 22. Rxc4 Qa6 23. Rb4 Rc8 24. Bf1 Ba8 25. e3 Qa5 26. Rb1 h6 27. Be5 Nd7
28. Bd6 d4 29. Rb5 Qd8 30. Nxd4 Nb6 31. Bf4 Nd5 32. Bg2 a6 33. R5b2 Nxf4 34.
gxf4 Bxg2 35. Kxg2 Qd6 36. a4 e5 37. fxe5 Qxe5 38. Nf3 Qf5 39. Nd4 Qe4+ 40. Kf1
Qh1+ 41. Ke2 Qxh2 42. Rb6 Qh5+ 43. Kd3 Qc5 44. Ke4 Re8+ 45. Kd3 Qa3+ 46. R1b3
Qxa4 47. R6b4 Qd7 48. Rb7 Qd5 49. Ra7 Qg2 50. Ke2 Qd5 51. Kd3 Rc8 52. Ra3 Qc4+
53. Ke4 Re8+ 54. Kf4 Qd5 0-1

[Event "10th European Teams w"]
[Site "Warsaw POL"]
[Date "2013.11.16"]
[Round "8.11"]
[White "Mamedjarova, Turkan"]
[Black "Bhatia, Kanwal K"]
[Result "1/2-1/2"]
[WhiteTitle "WGM"]
[BlackTitle "WFM"]
[WhiteElo "2250"]
[BlackElo "2039"]
[WhiteTeam "Azerbaijan"]
[BlackTeam "England"]
[WhiteFideId "13402005"]
[BlackFideId "407496"]
[EventDate "2013.11.08"]

1. d4 Nf6 2. c4 c5 3. d5 b5 4. Nf3 g6 5. cxb5 a6 6. b6 d6 7. Nc3 Nbd7 8. e4 Qxb6
9. Be2 Bg7 10. O-O O-O 11. h3 Rb8 12. Nd2 Qa7 13. Kh1 Ne8 14. f4 Nc7 15. a4 Rb4
16. Qc2 Nf6 17. Nc4 Bd7 18. Bd2 Qa8 19. Nd1 Rbb8 20. Bf3 Nfe8 21. Ba5 Qb7 22.
Ra3 f5 23. Nb6 fxe4 24. Nxd7 exf3 25. Raxf3 Nxd5 26. Nxf8 Kxf8 27. f5 g5 28. b3
h6 29. Bd2 Nef6 30. Nf2 Nd7 31. Ng4 Ne5 32. f6 exf6 33. Nxe5 dxe5 34. Qxc5+ Kg8
35. Rd3 Ne7 36. Qc4+ Kh8 37. Qe6 Ng6 38. Rd7 Qxb3 39. Rxf6 Qxe6 40. Rxe6 Nf8 41.
Rxg7 Nxe6 42. Re7 Nc5 43. Rxe5 Nxa4 44. Ra5 Nb6 45. Rxa6 Kh7 1/2-1/2

[Event "10th European Teams w"]
[Site "Warsaw POL"]
[Date "2013.11.16"]
[Round "8.13"]
[White "Machlik, Monika"]
[Black "Maisuradze, Nino"]
[Result "0-1"]
[BlackTitle "WGM"]
[WhiteElo "1936"]
[BlackElo "2302"]
[WhiteTeam "Norway"]
[BlackTeam "France"]
[WhiteFideId "1513621"]
[BlackFideId "13601717"]
[EventDate "2013.11.08"]

1. d4 e6 2. c4 f5 3. Nc3 Nf6 4. Nf3 d6 5. g3 Be7 6. Bg2 O-O 7. O-O Qe8 8. b3 Qg6
9. b4 a6 10. a4 Nc6 11. Qb3 Ne4 12. Rd1 Kh8 13. e3 Qf7 14. Bb2 Rb8 15. d5 Nd8
16. Rac1 e5 17. c5 Nc6 18. cxd6 Bxd6 19. b5 Nc5 20. Qc2 Nb4 21. Qe2 e4 22. Nd4
Ncd3 23. Rb1 Be5 24. Ba3 a5 25. Na2 Bxd4 26. exd4 Nxa2 27. Qxa2 Rd8 28. b6 c6
29. Qd2 Rxd5 30. Qc3 Be6 31. Bf1 f4 32. Bxd3 exd3 33. Bc1 fxg3 34. fxg3 Rf8 35.
Be3 Qf3 36. Qd2 Bh3 37. Bf4 Rxf4 38. gxf4 Rd6 39. f5 Rxd4 40. Qg5 Rg4+ 41. Qxg4
Qxg4+ 42. Kf2 Qf4+ 0-1

[Event "10th European Teams w"]
[Site "Warsaw POL"]
[Date "2013.11.16"]
[Round "8.13"]
[White "Collas, Silvia"]
[Black "Reppen, Ellisiv"]
[Result "1-0"]
[WhiteTitle "IM"]
[WhiteElo "2292"]
[BlackElo "2008"]
[WhiteTeam "France"]
[BlackTeam "Norway"]
[WhiteFideId "2902265"]
[BlackFideId "1504959"]
[EventDate "2013.11.08"]

1. d4 Nf6 2. c4 e6 3. Nf3 d5 4. Nc3 Be7 5. Bg5 h6 6. Bh4 O-O 7. e3 Nbd7 8. Rc1
Re8 9. a3 c6 10. Bd3 dxc4 11. Bxc4 Nd5 12. Bg3 N7f6 13. Bd3 Nh5 14. Be5 Bd6 15.
Ne4 Be7 16. O-O f6 17. Bg3 Nxg3 18. hxg3 Qc7 19. Qb3 f5 20. Ned2 Kh8 21. Ne5 Bf6
22. Ndf3 g5 23. g4 Qg7 24. Qc2 Ne7 25. b4 h5 26. gxh5 g4 27. h6 Qh7 28. Nxg4 Rf8
29. g3 Qg6 30. Nxf6 Qxf6 31. Kg2 Rg8 32. Rh1 Nd5 33. Ne5 a5 34. b5 a4 35. Rh5 c5
36. h7 Rg7 37. Qxc5 Ne7 38. Qd6 Nd5 39. Rc5 Nb6 40. Qxb6 f4 41. exf4 1-0

[Event "10th European Teams w"]
[Site "Warsaw POL"]
[Date "2013.11.16"]
[Round "8.14"]
[White "Kaps, Darja"]
[Black "Heinatz, Gundula"]
[Result "1-0"]
[WhiteTitle "WGM"]
[BlackTitle "WIM"]
[WhiteElo "2221"]
[BlackElo "2169"]
[WhiteTeam "Slovenia"]
[BlackTeam "Switzerland"]
[WhiteFideId "14602334"]
[BlackFideId "4612434"]
[EventDate "2013.11.08"]

1. c4 e5 2. g3 Nc6 3. Bg2 Nf6 4. Nc3 Bb4 5. Nd5 a5 6. e3 O-O 7. Ne2 Re8 8. O-O
Nxd5 9. cxd5 Ne7 10. d4 Ng6 11. a3 Bf8 12. e4 b6 13. Be3 Ba6 14. Re1 d6 15. Qc2
Qd7 16. h3 Be7 17. Rac1 Rac8 18. Red1 Rf8 19. h4 Qg4 20. f3 Qh5 21. Bf2 Rce8 22.
dxe5 dxe5 23. Qd2 Bxe2 24. Qxe2 Bd6 25. Bh3 Ne7 26. Bg4 Qg6 27. h5 Qf6 28. Be3
g6 29. Qd2 gxh5 30. Bxh5 Kh8 31. Kg2 Rg8 32. Rh1 Ng6 33. Bg4 Qe7 34. Rxh7+ Kxh7
35. Rh1+ Nh4+ 36. Rxh4+ Qxh4 37. gxh4 f5 38. exf5 e4 39. f6 Rg6 40. Bg5 e3 41.
Bxe3 Rxf6 42. Qd3+ Kg7 43. Bg5 Rff8 44. Bh5 1-0

[Event "10th European Teams w"]
[Site "Warsaw POL"]
[Date "2013.11.16"]
[Round "8.14"]
[White "Stoeri, Laura"]
[Black "Novak, Ksenija"]
[Result "0-1"]
[WhiteTitle "WFM"]
[BlackTitle "WFM"]
[WhiteElo "2102"]
[BlackElo "2082"]
[WhiteTeam "Switzerland"]
[BlackTeam "Slovenia"]
[WhiteFideId "1304313"]
[BlackFideId "14604272"]
[EventDate "2013.11.08"]

1. e4 c5 2. Nf3 e6 3. d4 cxd4 4. Nxd4 Nf6 5. Nc3 Nc6 6. Nxc6 bxc6 7. e5 Nd5 8.
Ne4 Qc7 9. f4 Qa5+ 10. Bd2 Qb6 11. Bd3 Be7 12. Qe2 Rb8 13. b3 O-O 14. c4 Ba6 15.
cxd5 Qd4 16. Bc3 Qxd3 17. Qxd3 Bxd3 18. Nf2 Bg6 19. d6 Bd8 20. O-O-O Bb6 21.
Rhf1 c5 22. Kd2 c4 23. b4 h5 24. a4 f6 25. exf6 gxf6 26. a5 Bxf2 27. Rxf2 Rb5
28. Kc1 Bd3 29. Rf3 Kf7 30. Rh3 Rg8 31. Rg3 Rxg3 32. hxg3 Rd5 33. Rh1 Be2 34.
Re1 Bg4 35. Re4 Rxd6 36. Rxc4 Be2 37. Rc5 a6 38. Kb2 Kg6 39. Rc8 Kg7 40. Re8 Bb5
41. Rb8 Rd3 42. Be1 Kf7 43. Kc2 Re3 44. Kd1 Ke7 45. Bf2 Rc3 46. Kd2 Rc4 47. Rb6
Rc6 48. Bc5+ d6 49. Rb7+ Ke8 50. Bd4 e5 51. Bc3 Rc4 52. Rh7 Re4 53. Rxh5 Re2+
54. Kc1 Rxg2 55. Be1 Ke7 56. fxe5 fxe5 57. Rh6 e4 58. Rh4 d5 59. Rg4 Bd3 60. Bd2
Ke6 61. Bf4 d4 62. Rg6+ Kd5 63. Rd6+ Kc4 64. Rxa6 Kxb4 65. Bd2+ Ka3 66. Rd6 Rg1+
67. Be1 Rxe1+ 68. Kd2 Re2+ 69. Kd1 Rg2 70. Rxd4 Rxg3 71. a6 Rg7 72. Kd2 Ra7 73.
Rd6 Rxa6 74. Rd8 Kb3 75. Ke3 Kc2 76. Rf8 Rh6 77. Re8 Rh3+ 78. Kf2 Kd2 79. Kg2
Rh7 80. Kf2 Rf7+ 0-1

[Event "10th European Teams w"]
[Site "Warsaw POL"]
[Date "2013.11.16"]
[Round "8.14"]
[White "Unuk, Laura"]
[Black "De Seroux, Camille"]
[Result "1/2-1/2"]
[BlackTitle "WFM"]
[WhiteElo "1991"]
[BlackElo "2066"]
[WhiteTeam "Slovenia"]
[BlackTeam "Switzerland"]
[WhiteFideId "14609215"]
[BlackFideId "1305620"]
[EventDate "2013.11.08"]

1. d4 g6 2. c4 f5 3. g3 Nf6 4. Bg2 Bg7 5. Nh3 O-O 6. Nc3 d6 7. f4 c6 8. Nf2 Qa5
9. O-O e5 10. dxe5 dxe5 11. fxe5 Qxe5 12. e4 Qc5 13. Qe2 Be6 14. b3 Ng4 15. Na4
Qd4 16. Bb2 Qe3 17. Rae1 Qxe2 18. Rxe2 Bxb2 19. Nxb2 Nxf2 20. Rfxf2 Nd7 21. Nd3
fxe4 22. Nf4 Bf5 23. Bxe4 Bg4 24. Re1 Rae8 25. Nd3 Rxf2 26. Nxf2 Bf5 27. Rd1 Be6
28. Kg2 Nf6 29. Bf3 Kg7 30. Rd2 g5 31. g4 h6 32. h3 Nd7 33. Nd3 Kf6 34. Rf2 Ke7
35. Be4 Nf6 36. Bf5 Bxf5 37. Rxf5 Rd8 38. Re5+ Kf7 39. Re3 Rd4 40. Kf3 Nd7 41.
Ke2 Nf6 1/2-1/2

[Event "10th European Teams w"]
[Site "Warsaw POL"]
[Date "2013.11.16"]
[Round "8.15"]
[White "Rautanen, Sari"]
[Black "Kaplan, Ebru"]
[Result "1/2-1/2"]
[WhiteElo "1956"]
[BlackElo "1882"]
[WhiteTeam "Finland"]
[BlackTeam "Turkey"]
[WhiteFideId "502332"]
[BlackFideId "6315194"]
[EventDate "2013.11.08"]

1. Nf3 Nf6 2. g3 c5 3. Bg2 Nc6 4. O-O d5 5. d3 e5 6. Nbd2 Be7 7. e4 dxe4 8. dxe4
O-O 9. c3 Qc7 10. Qc2 b6 11. Re1 Ba6 12. Bf1 Bb7 13. a4 Na5 14. b3 Rfd8 15. Bb2
Ne8 16. Rac1 f6 17. Nh4 Kh8 18. Rcd1 Bc8 19. Nc4 Be6 20. Nxa5 bxa5 21. c4 Rab8
22. Bc3 Qb6 23. Rb1 Nc7 24. Nf5 Bf8 25. Ne3 Na6 26. Nd5 Bxd5 27. exd5 Nb4 28.
Qe2 Bd6 29. Bh3 Qc7 30. Qh5 g6 31. Qe2 Rf8 32. Bg2 Rbd8 33. h4 Qf7 34. Bh3 Qg7
35. Bxb4 axb4 36. Be6 a5 37. Kg2 Rb8 38. h5 g5 39. Bf5 h6 40. Qe4 Rbd8 41. g4 1/2-1/2

[Event "10th European Teams w"]
[Site "Warsaw POL"]
[Date "2013.11.16"]
[Round "8.15"]
[White "Gurcan, Aytolun"]
[Black "Nazarova, Anastasia"]
[Result "0-1"]
[BlackTitle "WC"]
[WhiteElo "1745"]
[BlackElo "1727"]
[WhiteTeam "Turkey"]
[BlackTeam "Finland"]
[WhiteFideId "6325688"]
[BlackFideId "34101737"]
[EventDate "2013.11.08"]

1. e4 c5 2. Nf3 g6 3. d4 cxd4 4. Qxd4 Nf6 5. e5 Nc6 6. Qa4 Nd5 7. Qe4 Nb6 8. Bb5
d5 9. exd6 Qxd6 10. Ne5 Bf5 11. Qe2 Bg7 12. Bf4 Qb4+ 13. c3 Qxf4 14. Nxc6 bxc6
15. Bxc6+ Bd7 16. Bxa8 Qc1+ 17. Qd1 Qxb2 18. Nd2 Bxc3 19. Rb1 Bxd2+ 20. Ke2 Bb5+
21. Kf3 Qc3+ 0-1

[Event "10th European Teams w"]
[Site "Warsaw POL"]
[Date "2013.11.16"]
[Round "8.16"]
[White "Franciskovic, Borka"]
[Black "Ptacnikova, Lenka"]
[Result "1-0"]
[WhiteTitle "WIM"]
[BlackTitle "WGM"]
[WhiteElo "2263"]
[BlackElo "2238"]
[WhiteTeam "Croatia"]
[BlackTeam "Iceland"]
[WhiteFideId "14507943"]
[BlackFideId "305650"]
[EventDate "2013.11.08"]

1. c4 e5 2. g3 Nf6 3. Bg2 Nc6 4. Nc3 Bb4 5. Nf3 O-O 6. O-O Re8 7. d3 h6 8. Bd2
a6 9. Rc1 d6 10. Nd5 Bc5 11. b4 Ba7 12. Nxf6+ Qxf6 13. b5 Nb8 14. a4 c6 15. Rb1
Bc5 16. Bc3 Bd4 17. bxc6 bxc6 18. Ba5 Ba7 19. Nd2 Qe7 20. Bb6 Be6 21. a5 Rc8 22.
Qa4 Bd7 23. Qa3 f5 24. Rb2 Be6 25. Qa4 Bd7 26. c5 d5 27. Rfb1 Qf8 28. e4 Be6 29.
exd5 cxd5 30. Qb3 Qf7 31. Bxa7 Rxa7 32. Qb6 Nc6 33. Nf3 e4 34. Nd2 Qd7 35. Qb3
Nxa5 36. Qa3 Nc6 37. Rb6 a5 38. dxe4 dxe4 39. Nf1 Nb4 40. Rc1 Bf7 41. Ne3 Nd3
42. c6 Qd4 43. Rcb1 Kh7 44. Bh3 g6 45. Rb7 Rxc6 46. Rxa7 Qxa7 47. Qf8 Rc1+ 48.
Rxc1 Nxc1 49. Bxf5 gxf5 50. Nxf5 Ne2+ 51. Kf1 Bc4 52. Qxh6+ Kg8 53. Qg6+ Kf8 54.
Qf6+ Kg8 55. Ne7+ Kh7 56. Qg6+ 1-0

[Event "10th European Teams w"]
[Site "Warsaw POL"]
[Date "2013.11.16"]
[Round "8.16"]
[White "Saric, Kristina"]
[Black "Johannsdottir, Johanna Bjorg"]
[Result "1-0"]
[WhiteTitle "WIM"]
[WhiteElo "2250"]
[BlackElo "1901"]
[WhiteTeam "Croatia"]
[BlackTeam "Iceland"]
[WhiteFideId "14507323"]
[BlackFideId "2303108"]
[EventDate "2013.11.08"]

1. e4 c5 2. Nf3 g6 3. d4 cxd4 4. Nxd4 Nc6 5. c4 Nf6 6. Nc3 Bg7 7. Be3 O-O 8. Be2
d6 9. O-O Bd7 10. Qd2 Re8 11. f3 Rc8 12. Rac1 Nxd4 13. Bxd4 Bc6 14. b4 b6 15.
Rfd1 Nd7 16. Be3 Ba8 17. a3 Ne5 18. Qa2 Qc7 19. Nd5 Qb8 20. f4 Nd7 21. Bf3 h5
22. Qb3 Kf8 23. Qd3 Bc6 24. Bd4 Bh6 25. Be3 Bg7 26. Nc3 Rc7 27. Bf2 Bh6 28. Ne2
Rec8 29. Be3 Ba4 30. Rf1 b5 31. f5 Bg7 32. fxg6 Ne5 33. Qd5 Rxc4 34. Bxh5 e6 35.
Qxe6 Rxc1 36. Nxc1 Re8 37. Rxf7+ Kg8 38. Rb7+ Rxe6 39. Rxb8+ Bf8 40. Bh6 Nd7 41.
Rd8 Bc2 42. Ne2 Bxe4 43. Nf4 Rf6 44. Bg5 Rf5 45. h4 Nf6 46. g7 Nxh5 47. Nxh5 1-0

[Event "10th European Teams w"]
[Site "Warsaw POL"]
[Date "2013.11.16"]
[Round "8.16"]
[White "Kristinardottir, Elsa Maria"]
[Black "Purgar, Ivona"]
[Result "1/2-1/2"]
[BlackTitle "WFM"]
[WhiteElo "1819"]
[BlackElo "2136"]
[WhiteTeam "Iceland"]
[BlackTeam "Croatia"]
[WhiteFideId "2300370"]
[BlackFideId "14514451"]
[EventDate "2013.11.08"]

1. e4 c5 2. Nf3 e6 3. d4 cxd4 4. Nxd4 Nc6 5. Nxc6 bxc6 6. Bd3 Nf6 7. O-O Qc7 8.
b3 d5 9. exd5 cxd5 10. Bb2 Be7 11. Nd2 O-O 12. Re1 Rd8 13. Be5 Qa5 14. a3 Ba6
15. b4 Qa4 16. c4 Qd7 17. Bc3 Rac8 18. Qe2 dxc4 19. Bc2 Qd5 20. Rad1 Qh5 21.
Qxh5 Nxh5 22. Ne4 Nf4 23. Bd4 Nd3 24. Bxd3 Rxd4 25. Bc2 Rcd8 26. f3 Rxd1 27.
Rxd1 Rxd1+ 28. Bxd1 Kf8 29. Kf2 Ke8 30. Ke3 e5 31. Kd2 Kd7 32. Kc3 Kc6 33. Be2
f5 34. Nd2 Bf6 35. Nxc4 e4+ 36. Kd2 Bxc4 37. Bxc4 Bg5+ 38. Ke2 e3 39. g3 f4 40.
gxf4 Bxf4 41. h3 Kd6 42. Kd3 Ke5 1/2-1/2

[Event "10th European Teams w"]
[Site "Warsaw POL"]
[Date "2013.11.17"]
[Round "9.1"]
[White "Gunina, Valentina"]
[Black "Lagno, Kateryna"]
[Result "1-0"]
[WhiteTitle "GM"]
[BlackTitle "GM"]
[WhiteElo "2509"]
[BlackElo "2542"]
[WhiteTeam "Russia"]
[BlackTeam "Ukraine"]
[WhiteFideId "4167570"]
[BlackFideId "14109336"]
[EventDate "2013.11.08"]

1. d4 Nf6 2. c4 g6 3. Nc3 d5 4. cxd5 Nxd5 5. Bd2 Nb6 6. e3 Bg7 7. f4 c5 8. dxc5
N6d7 9. Ne4 Bxb2 10. Rb1 Bg7 11. Nf3 O-O 12. Bc4 Qc7 13. Qb3 e6 14. O-O Qc6 15.
Nfg5 Na6 16. Qc2 Ndxc5 17. Bb5 Qd5 18. Bc3 f6 19. Nxf6+ Bxf6 20. Bxf6 Rxf6 21.
Rbd1 Qf5 22. e4 Qg4 23. Rd8+ Kg7 24. Be2 Qh4 25. g3 Qh6 26. Bxa6 Nxa6 27. Rxc8
Rf8 28. Qb2+ Kg8 29. Rxa8 1-0

[Event "10th European Teams w"]
[Site "Warsaw POL"]
[Date "2013.11.17"]
[Round "9.1"]
[White "Gaponenko, Inna"]
[Black "Goryachkina, Aleksandra"]
[Result "1/2-1/2"]
[WhiteTitle "IM"]
[BlackTitle "WGM"]
[WhiteElo "2402"]
[BlackElo "2438"]
[WhiteTeam "Ukraine"]
[BlackTeam "Russia"]
[WhiteFideId "14101181"]
[BlackFideId "4147103"]
[EventDate "2013.11.08"]

1. e4 c6 2. d4 d5 3. exd5 cxd5 4. c4 Nf6 5. Nc3 Nc6 6. cxd5 Nxd5 7. Nf3 Bg4 8.
Qb3 Bxf3 9. gxf3 Nb6 10. d5 Nd4 11. Bb5+ Nd7 12. Qa4 Nxb5 13. Qxb5 Qb6 14. Be3
Qa6 15. O-O-O g6 16. Bd4 Bh6+ 17. Kb1 Qxb5 18. Nxb5 O-O 19. Rhe1 Bg5 20. Nxa7
Rfd8 21. Nb5 Nf8 22. Nc3 Rd7 23. Be3 Bh4 24. f4 f5 25. Rd3 h6 26. Red1 Kf7 27.
Bd4 Bf6 28. Bxf6 Kxf6 29. Rh3 Kg7 30. Rg1 Rad8 31. Re3 Kf7 32. h4 h5 33. Reg3
Rd6 34. Re3 Nh7 35. Rge1 R8d7 36. Re6 Nf6 37. Rxd6 Rxd6 38. Re5 Ng4 39. Re2 Nh2
40. Re3 Ng4 41. Re2 Nh2 42. Re3 Ng4 1/2-1/2

[Event "10th European Teams w"]
[Site "Warsaw POL"]
[Date "2013.11.17"]
[Round "9.2"]
[White "Socko, Monika"]
[Black "Cmilyte, Viktorija"]
[Result "1/2-1/2"]
[WhiteTitle "GM"]
[BlackTitle "GM"]
[WhiteElo "2431"]
[BlackElo "2506"]
[WhiteTeam "Poland"]
[BlackTeam "Lithuania"]
[WhiteFideId "1106619"]
[BlackFideId "12801259"]
[EventDate "2013.11.08"]

1. e4 c5 2. Nf3 d6 3. d4 cxd4 4. Nxd4 Nf6 5. Nc3 a6 6. a4 e5 7. Nf3 Be7 8. Bg5
Be6 9. Bxf6 Bxf6 10. Nd5 Nc6 11. Bc4 O-O 12. O-O Rc8 13. Qe2 Kh8 14. Rfd1 Bg4
15. c3 Bg5 16. h3 Bh5 17. Ne3 Bxe3 18. Qxe3 Qc7 19. Be2 Rcd8 20. b4 Ne7 21. b5
Bxf3 22. Bxf3 a5 23. b6 Qc6 24. Rdb1 Ra8 25. Rb5 Rfd8 26. Be2 h6 27. Rd1 Ng8 28.
c4 Nf6 29. c5 dxc5 30. Rxd8+ Rxd8 31. Qxc5 Qxe4 32. Qxe5 Qxa4 33. Rxa5 Qb4 34.
Qc7 Qe1+ 35. Kh2 Re8 36. Re5 Qxf2 37. Rxe8+ Nxe8 38. Qe5 Nd6 39. Qxd6 Qxe2 40.
Qb8+ Kh7 41. Qxb7 Qe5+ 42. Kh1 Qe1+ 43. Kh2 Qe5+ 44. g3 Qb2+ 45. Kg1 Qc1+ 46.
Kh2 Qb2+ 47. Kg1 Qc1+ 48. Kh2 Qb2+ 1/2-1/2

[Event "10th European Teams w"]
[Site "Warsaw POL"]
[Date "2013.11.17"]
[Round "9.2"]
[White "Daulyte, Deimante"]
[Black "Zawadzka, Jolanta"]
[Result "1/2-1/2"]
[WhiteTitle "WGM"]
[BlackTitle "WGM"]
[WhiteElo "2336"]
[BlackElo "2383"]
[WhiteTeam "Lithuania"]
[BlackTeam "Poland"]
[WhiteFideId "12802859"]
[BlackFideId "1122320"]
[EventDate "2013.11.08"]

1. e4 e5 2. Nf3 Nc6 3. Bc4 Bc5 4. c3 Nf6 5. d4 exd4 6. cxd4 Bb4+ 7. Nbd2 d5 8.
exd5 Nxd5 9. O-O O-O 10. a3 Be7 11. Re1 Bf5 12. Ne4 Re8 13. Ng3 Bg6 14. b4 b5
15. Bd3 a5 16. bxa5 Rxa5 17. Bd2 b4 18. Bxg6 hxg6 19. Rc1 Qa8 20. Qc2 Ra6 21.
axb4 Ncxb4 22. Qe4 Re6 23. Qb1 Rb6 24. Qe4 Re6 25. Qb1 Rb6 26. Qe4 Re6 1/2-1/2

[Event "10th European Teams w"]
[Site "Warsaw POL"]
[Date "2013.11.17"]
[Round "9.2"]
[White "Majdan-Gajewska, Joanna"]
[Black "Zaksaite, Salomeja"]
[Result "1-0"]
[WhiteTitle "WGM"]
[BlackTitle "WIM"]
[WhiteElo "2420"]
[BlackElo "2200"]
[WhiteTeam "Poland"]
[BlackTeam "Lithuania"]
[WhiteFideId "1121979"]
[BlackFideId "12801496"]
[EventDate "2013.11.08"]

1. e4 c5 2. Nf3 e6 3. c3 Nf6 4. Bd3 Be7 5. Bc2 b6 6. e5 Nd5 7. Be4 Ba6 8. d3 Nc6
9. c4 Nc7 10. Nc3 d5 11. exd6 Qxd6 12. Bf4 Qd7 13. Bxc6 Qxc6 14. Bxc7 O-O 15.
Be5 Rad8 16. Qe2 Bb7 17. O-O-O a6 18. h4 b5 19. h5 b4 20. Ne4 f5 21. Ned2 h6 22.
Nh4 Bxh4 23. Rxh4 Qxg2 24. Rh2 Qg4 25. f3 1-0